000 00306nam a2200133Ia 4500
003 OSt
008 201102b ||||| |||| 00| 0 eng d
100 _aBABU,Ramesh p.
245 _aSignal and Systems
260 _aN. Delhi
_bScitech
_c2016
300 _a12.12.
650 _aB.Tech(ECE)
942 _2ddc
_cBK
999 _c6680
_d6680